000 00854nas a2200301 4500
001 BR0702421
003 BR-BrBNA
005 20231205110758.0
007 ta
008 230509b bl.|||p| |||| 00| 00por d
040 _aBR-BrBNA
_bpor
_cBiblioteca Nacional de Agricultura
041 _a(En)
072 _aF03
100 1 _aSilva, R.N. da
100 1 _aLopes, N.F.
100 1 _aMoraes, D.M. de
100 1 _aPereira, A.L. de A.
100 1 _aDuarte, G.L.
245 1 _aPhysiological quality of barley seeds submitted to saline stress
650 _aCEVADA
650 _aSEMENTE
650 _aGERMINAÇÃO
650 _aVIGOR HIBRIDO
650 _aSAL
773 0 _tRevista Brasileira de Sementes (Brazil)
_xISSN 0101-3122
_g(Apr 2007), v. 29(1) p. 40-44
_wBR0702421
909 _a202311
_bLúcia
_c55
_dLúcia Elande
942 _2AGRIS
_n0
_cANA
999 _c189027
_d189027